[Event "Is Bankasi Online Satranc Turn.13-14 Yas"]
[Site "T#645826Mustafa Kemal"]
[Date "2020.05.08"]
[Round "1"]
[White "salihegeatakis36"]
[Black "Alperkusoglu28"]
[Result "0-1"]
[WhiteElo "1620"]
[BlackElo "1620"]
[Annotator "NA RC"]
[PlyCount "84"]
[EventDate "2020.05.08"]
[EventType "swiss (blitz)"]

1. e4 {[%emt 0:00:04]} Nf6 {[%emt 0:00:02]} 2. Nc3 {[%emt 0:00:04]} d5 {[%emt 0:00:02]} 3. exd5 {[%emt 0:00:03]} Nxd5 {[%emt 0:00:02]} 4. Nf3 {[%emt 0:00:03]} Nc6 {[%emt 0:00:03]} 5. d3 {[%emt 0:00:11]} Bg4 {[%emt 0:00:03]} 6. Be2 {[%emt 0:00:03]} g6 {[%emt 0:00:06]} 7. h3 {[%emt 0:00:03]} Bd7 {[%emt 0:00:08]} 8. O-O {[%emt 0:00:08]} Nxc3 {[%emt 0:00:02]} 9. bxc3 {[%emt 0:00:02]} Bg7 {[%emt 0:00:01]} 10. Bb2 {[%emt 0:00:02]} O-O {[%emt 0:00:02]} 11. c4 {[%emt 0:00:04]} Bxb2 {[%emt 0:00:04]} 12. Rb1 {[%emt 0:00:03]} Bg7 {[%emt 0:00:03]} 13. Rxb7 {[%emt 0:00:03]} Rb8 {[%emt 0:00:06]} 14. Qb1 {[%emt 0:00:06]} Rxb7 {[%emt 0:00:05]} 15. Qxb7 {[%emt 0:00:03]} Qb8 {[%emt 0:00:03]} 16. Qa6 {[%emt 0:00:04]} Qb6 {[%emt 0:00:07]} 17. Qa3 {[%emt 0:00:05]} e6 {[%emt 0:00:17]} 18. c5 {[%emt 0:00:14]} Qb4 {[%emt 0:00:05]} 19. Qxb4 {[%emt 0:00:23]} Nxb4 {[%emt 0:00:02]} 20. Ne5 {[%emt 0:00:03]} Bxe5 {[%emt 0:00:03]} 21. Rd1 {[%emt 0:00:05]} Nxc2 {[%emt 0:00:08]} 22. d4 {[%emt 0:00:07]} Nxd4 {[%emt 0:00:03]} 23. Bc4 {[%emt 0:00:05]} Ba4 {[%emt 0:00:06]} 24. Rd2 {[%emt 0:00:05]} Rd8 {[%emt 0:00:07]} 25. Rb2 {[%emt 0:00:12]} Nf3+ {[%emt 0:00:03]} 26. gxf3 {[%emt 0:00:07]} Bxb2 {[%emt 0:00:00]} 27. Kg2 {[%emt 0:00:09]} Rd4 {[%emt 0:00:04]} 28. Ba6 {[%emt 0:00:04]} Bd1 {[%emt 0:00:07]} 29. c6 {[%emt 0:00:05]} Ra4 {[%emt 0:00:07] salihegeatakis36 reconnected.} 30. Bb7 {[%emt 0:00:06]} Rxa2 {[%emt 0:00:05]} 31. Kg3 {[%emt 0:00:02]} a5 {[%emt 0:00:05]} 32. Ba6 {[%emt 0:00:04]} a4 {[%emt 0:00:04]} 33. Bc4 {[%emt 0:00:02]} Bb3 {[%emt 0:00:04]} 34. Bd3 {[%emt 0:00:05]} a3 {[%emt 0:00:02]} 35. Be2 {[%emt 0:00:03]} Be5+ {[%emt 0:00:02]} 36. Kg2 {[%emt 0:00:05]} Rxe2 {[%emt 0:00:03]} 37. Kf1 {[%emt 0:00:04]} Bc4 {[%emt 0:00:03]} 38. Kg2 {[%emt 0:00:03]} a2 {[%emt 0:00:02]} 39. Kg1 {[%emt 0:00:03]} a1=Q+ {[%emt 0:00:03]} 40. Kg2 {[%emt 0:00:01]} Qd4 {[%emt 0:00:07]} 41. Kh1 {[%emt 0:00:03]} Qxf2 {[%emt 0:00:05]} 42. h4 {[%emt 0:00:02]} Qg2# {[%emt 0:00:02] (Lag: Av=0.60s, max=1.0s)} 0-1

[Event "Is Bankasi Online Satranc Turn.13-14 Yas"]
[Site "T#645826Mustafa Kemal"]
[Date "2020.05.08"]
[Round "1"]
[White "toprakaker32"]
[Black "Efesay24"]
[Result "0-1"]
[WhiteElo "1620"]
[BlackElo "1620"]
[Annotator "NA RC"]
[PlyCount "42"]
[EventDate "2020.05.08"]
[EventType "swiss (blitz)"]

1. e4 {[%emt 0:00:01]} c6 {[%emt 0:00:02]} 2. d4 {[%emt 0:00:02]} d5 {[%emt 0:00:01]} 3. exd5 {[%emt 0:00:00]} cxd5 {[%emt 0:00:02]} 4. Nc3 {[%emt 0:00:01]} Nf6 {[%emt 0:00:01]} 5. Nf3 {[%emt 0:00:01]} Bg4 {[%emt 0:00:01]} 6. Be3 {[%emt 0:00:04]} e6 {[%emt 0:00:12]} 7. h3 {[%emt 0:00:01]} Bh5 {[%emt 0:00:04]} 8. Be2 {[%emt 0:00:02]} Bd6 {[%emt 0:00:06]} 9. Nd2 {[%emt 0:00:06]} Bg6 {[%emt 0:00:03]} 10. Nb3 {[%emt 0:00:04]} Nbd7 {[%emt 0:00:06]} 11. O-O {[%emt 0:00:02]} O-O {[%emt 0:00:02]} 12. Bd3 {[%emt 0:00:01]} Bxd3 {[%emt 0:00:16]} 13. Qxd3 {[%emt 0:00:00]} Rc8 {[%emt 0:00:06]} 14. Rad1 {[%emt 0:00:09]} Re8 {[%emt 0:00:18]} 15. Nb5 {[%emt 0:00:10]} Bb8 {[%emt 0:00:05]} 16. Rc1 {[%emt 0:00:15]} a6 {[%emt 0:00:06]} 17. Na3 {[%emt 0:00:10]} Ne4 {[%emt 0:00:03]} 18. Nd2 {[%emt 0:00:20]} Nxd2 {[%emt 0:00:12]} 19. Bxd2 {[%emt 0:00:00]} Qb6 {[%emt 0:00:04]} 20. b3 {[%emt 0:00:13]} Qc7 {[%emt 0:00:02]} 21. c4 {[%emt 0:00:04]} Qh2# {[%emt 0:00:02] (Lag: Av=0.88s, max=1.4s)} 0-1

[Event "Is Bankasi Online Satranc Turn.13-14 Yas"]
[Site "T#645826Mustafa Kemal"]
[Date "2020.05.08"]
[Round "1"]
[White "Talhaherdem78"]
[Black "nailardauysal32"]
[Result "0-1"]
[WhiteElo "1607"]
[BlackElo "1620"]
[Annotator "NA RC"]
[PlyCount "72"]
[EventDate "2020.05.08"]
[EventType "swiss (blitz)"]

1. e4 {[%emt 0:00:02]} c5 {[%emt 0:00:03]} 2. Nf3 {[%emt 0:00:01]} e6 {[%emt 0:00:03]} 3. d4 {[%emt 0:00:02]} cxd4 {[%emt 0:00:03]} 4. Nxd4 {[%emt 0:00:00]} Nc6 {[%emt 0:00:01]} 5. Be3 {[%emt 0:00:04]} a6 {[%emt 0:00:06]} 6. Nc3 {[%emt 0:00:02]} Qc7 {[%emt 0:00:02]} 7. Nb3 {[%emt 0:00:16]} Nf6 {[%emt 0:00:06]} 8. f3 {[%emt 0:00:24]} d6 {[%emt 0:00:31]} 9. Be2 {[%emt 0:00:03]} Be7 {[%emt 0:00:02]} 10. Na4 {[%emt 0:00:09]} b5 {[%emt 0:00:26]} 11. Nb6 {[%emt 0:00:15]} Rb8 {[%emt 0:00:02]} 12. Nxc8 {[%emt 0:00:02]} Rxc8 {[%emt 0:00:03]} 13. Qd2 {[%emt 0:00:14]} O-O {[%emt 0:00:07]} 14. O-O {[%emt 0:00:02]} d5 {[%emt 0:00:10]} 15. Bg5 {[%emt 0:00:43]} dxe4 {[%emt 0:00:07]} 16. Bxf6 {[%emt 0:00:17]} Bxf6 {[%emt 0:00:02]} 17. fxe4 {[%emt 0:00:02]} Bxb2 {[%emt 0:00:10]} 18. Rad1 {[%emt 0:00:05]} Rfd8 {[%emt 0:00:12]} 19. Qg5 {[%emt 0:00:12]} Bf6 {[%emt 0:00:15]} 20. Qh5 {[%emt 0:00:07]} Qe5 {[%emt 0:00:20]} 21. Qxe5 {[%emt 0:00:09]} Nxe5 {[%emt 0:00:03]} 22. Rxd8+ {[%emt 0:00:09]} Rxd8 {[%emt 0:00:00]} 23. Rd1 {[%emt 0:00:01]} Rxd1+ {[%emt 0:00:06]} 24. Bxd1 {[%emt 0:00:00]} Nc4 {[%emt 0:00:06]} 25. Bf3 {[%emt 0:00:04]} Kf8 {[%emt 0:00:15]} 26. Nc5 {[%emt 0:00:04]} Bd4+ {[%emt 0:00:02]} 27. Kf1 {[%emt 0:00:05]} Bxc5 {[%emt 0:00:01]} 28. Ke2 {[%emt 0:00:05]} Ke7 {[%emt 0:00:04]} 29. Kd3 {[%emt 0:00:02]} Ne5+ {[%emt 0:00:03]} 30. Ke2 {[%emt 0:00:01]} Nxf3 {[%emt 0:00:02]} 31. gxf3 {[%emt 0:00:01]} Kd6 {[%emt 0:00:02]} 32. Kd3 {[%emt 0:00:01]} Ke5 {[%emt 0:00:02]} 33. Ke2 {[%emt 0:00:04]} Kd4 {[%emt 0:00:04]} 34. Kd2 {[%emt 0:00:04]} Bd6 {[%emt 0:00:06]} 35. h3 {[%emt 0:00:03]} Bf4+ {[%emt 0:00:02]} 36. Ke2 {[%emt 0:00:03]} Kc3 {[%emt 0:00:01] Talhaherdem78 terk eder (Lag: Av=0.74s, max=3.9s)} 0-1

[Event "Is Bankasi Online Satranc Turn.13-14 Yas"]
[Site "T#645826Mustafa Kemal"]
[Date "2020.05.08"]
[Round "1"]
[White "Sinancanaltay20"]
[Black "Kadirefeermemi10"]
[Result "0-1"]
[WhiteElo "1572"]
[BlackElo "1620"]
[Annotator "NA RC"]
[PlyCount "64"]
[EventDate "2020.05.08"]
[EventType "swiss (blitz)"]

1. e4 {[%emt 0:00:03]} c5 {[%emt 0:00:01]} 2. Nf3 {[%emt 0:00:02]} e6 {[%emt 0:00:01]} 3. d4 {[%emt 0:00:00]} cxd4 {[%emt 0:00:01]} 4. Nxd4 {[%emt 0:00:00]} Nf6 {[%emt 0:00:01]} 5. Nc3 {[%emt 0:00:01]} d6 {[%emt 0:00:01]} 6. f3 {[%emt 0:00:01]} Be7 {[%emt 0:00:01]} 7. Be3 {[%emt 0:00:01]} a6 {[%emt 0:00:01]} 8. Qd2 {[%emt 0:00:01]} Nbd7 {[%emt 0:00:01]} 9. O-O-O {[%emt 0:00:01]} Qc7 {[%emt 0:00:01]} 10. g4 {[%emt 0:00:01]} Ne5 {[%emt 0:00:01]} 11. h4 {[%emt 0:00:07]} b5 {[%emt 0:00:02]} 12. Ncxb5 {[%emt 0:00:22]} axb5 {[%emt 0:00:04]} 13. Nxb5 {[%emt 0:00:00]} Qa5 {[%emt 0:00:02]} 14. Nxd6+ {[%emt 0:00:14]} Bxd6 {[%emt 0:00:11]} 15. Qxd6 {[%emt 0:00:00]} Nfd7 {[%emt 0:00:29]} 16. a3 {[%emt 0:00:11]} Nxf3 {[%emt 0:00:17]} 17. Bc4 {[%emt 0:00:13]} Qe5 {[%emt 0:00:09]} 18. Qb4 {[%emt 0:00:06]} Rb8 {[%emt 0:00:07]} 19. Qc3 {[%emt 0:00:06]} Qxc3 {[%emt 0:00:02]} 20. bxc3 {[%emt 0:00:00]} Nfe5 {[%emt 0:00:01]} 21. Be2 {[%emt 0:00:01]} O-O {[%emt 0:00:07]} 22. Bf4 {[%emt 0:00:02]} Ra8 {[%emt 0:00:05]} 23. Kb2 {[%emt 0:00:12]} Ba6 {[%emt 0:00:05]} 24. Bxa6 {[%emt 0:00:08]} Rxa6 {[%emt 0:00:02]} 25. g5 {[%emt 0:00:02]} Rb8+ {[%emt 0:00:04]} 26. Kc1 {[%emt 0:00:08]} Rc8 {[%emt 0:00:07]} 27. h5 {[%emt 0:00:04]} Rxa3 {[%emt 0:00:06]} 28. Rd6 {[%emt 0:00:06]} Ra1+ {[%emt 0:00:02]} 29. Kd2 {[%emt 0:00:02]} Rxh1 {[%emt 0:00:01]} 30. h6 {[%emt 0:00:01]} gxh6 {[%emt 0:00:03]} 31. gxh6 {[%emt 0:00:01]} Rg1 {[%emt 0:00:02]} 32. Be3 {[%emt 0:00:03]} Nc4+ {[%emt 0:00:02] Sinancanaltay20 terk eder (Lag: Av=0.34s, max=0.7s)} 0-1

[Event "Is Bankasi Online Satranc Turn.13-14 Yas"]
[Site "T#645826Mustafa Kemal"]
[Date "2020.05.08"]
[Round "1"]
[White "Mustafakaratas16"]
[Black "Metinemrekina76"]
[Result "0-1"]
[WhiteElo "1540"]
[BlackElo "1620"]
[Annotator "NA RC"]
[PlyCount "126"]
[EventDate "2020.05.08"]
[EventType "swiss (blitz)"]

1. e4 {[%emt 0:00:02]} e5 {[%emt 0:00:02]} 2. c3 {[%emt 0:00:02]} Nc6 {[%emt 0:00:02]} 3. d4 {[%emt 0:00:01]} exd4 {[%emt 0:00:02]} 4. cxd4 {[%emt 0:00:01]} d6 {[%emt 0:00:05]} 5. d5 {[%emt 0:00:02]} Ne5 {[%emt 0:00:02]} 6. Bf4 {[%emt 0:00:04]} Nf6 {[%emt 0:00:06]} 7. Bxe5 {[%emt 0:00:06]} dxe5 {[%emt 0:00:00]} 8. Bb5+ {[%emt 0:00:02]} Bd7 {[%emt 0:00:03]} 9. Bxd7+ {[%emt 0:00:02]} Qxd7 {[%emt 0:00:00]} 10. b3 {[%emt 0:00:03]} Bb4+ {[%emt 0:00:04]} 11. Nd2 {[%emt 0:00:05]} c6 {[%emt 0:00:13]} 12. a3 {[%emt 0:00:03]} Bxd2+ {[%emt 0:00:05]} 13. Qxd2 {[%emt 0:00:01]} cxd5 {[%emt 0:00:01]} 14. exd5 {[%emt 0:00:02]} Qxd5 {[%emt 0:00:06]} 15. Qxd5 {[%emt 0:00:02]} Nxd5 {[%emt 0:00:00]} 16. Nf3 {[%emt 0:00:01]} e4 {[%emt 0:00:01]} 17. Ne5 {[%emt 0:00:03]} O-O {[%emt 0:00:07]} 18. Rd1 {[%emt 0:00:07]} Rad8 {[%emt 0:00:04]} 19. h3 {[%emt 0:00:19]} Nc3 {[%emt 0:00:19]} 20. Rxd8 {[%emt 0:00:04]} Rxd8 {[%emt 0:00:00]} 21. O-O {[%emt 0:00:02]} f5 {[%emt 0:00:03]} 22. Kh2 {[%emt 0:00:08]} Kf8 {[%emt 0:00:09]} 23. g4 {[%emt 0:00:07]} g6 {[%emt 0:00:06]} 24. gxf5 {[%emt 0:00:02]} gxf5 {[%emt 0:00:00]} 25. f3 {[%emt 0:00:05]} Rd2+ {[%emt 0:00:09]} 26. Kg3 {[%emt 0:00:07]} Ne2+ {[%emt 0:00:18]} 27. Kh4 {[%emt 0:00:05]} e3 {[%emt 0:00:05]} 28. Nc4 {[%emt 0:00:06]} Rd3 {[%emt 0:00:07]} 29. Ne5 {[%emt 0:00:06]} Rxb3 {[%emt 0:00:12]} 30. Nd7+ {[%emt 0:00:10]} Ke7 {[%emt 0:00:08]} 31. Ne5 {[%emt 0:00:03]} Rxa3 {[%emt 0:00:02]} 32. Nc4 {[%emt 0:00:02]} Rc3 {[%emt 0:00:04]} 33. Re1 {[%emt 0:00:04]} Rxc4+ {[%emt 0:00:03]} 34. Kg5 {[%emt 0:00:07]} Rc2 {[%emt 0:00:19]} 35. Kxf5 {[%emt 0:00:05]} Kd6 {[%emt 0:00:04]} 36. Ke4 {[%emt 0:00:01]} Ng3+ {[%emt 0:00:04]} 37. Kxe3 {[%emt 0:00:14]} Re2+ {[%emt 0:00:02]} 38. Rxe2 {[%emt 0:00:01]} Nxe2 {[%emt 0:00:00]} 39. Kxe2 {[%emt 0:00:00]} Ke5 {[%emt 0:00:01]} 40. Ke3 {[%emt 0:00:00]} Kf5 {[%emt 0:00:01]} 41. f4 {[%emt 0:00:01]} a5 {[%emt 0:00:01]} 42. h4 {[%emt 0:00:05]} b5 {[%emt 0:00:01]} 43. Kd3 {[%emt 0:00:00]} a4 {[%emt 0:00:01]} 44. Kc3 {[%emt 0:00:01]} a3 {[%emt 0:00:04]} 45. Kb3 {[%emt 0:00:01]} b4 {[%emt 0:00:01]} 46. Ka2 {[%emt 0:00:02]} Kxf4 {[%emt 0:00:01]} 47. h5 {[%emt 0:00:01]} Kg4 {[%emt 0:00:00]} 48. Kb3 {[%emt 0:00:07]} Kg5 {[%emt 0:00:02]} 49. Ka2 {[%emt 0:00:04]} Kxh5 {[%emt 0:00:02]} 50. Kb3 {[%emt 0:00:00]} Kg4 {[%emt 0:00:01]} 51. Kc4 {[%emt 0:00:01]} h5 {[%emt 0:00:02]} 52. Kxb4 {[%emt 0:00:03]} a2 {[%emt 0:00:02]} 53. Kb3 {[%emt 0:00:01]} a1=Q {[%emt 0:00:02]} 54. Kc4 {[%emt 0:00:00]} Qd1 {[%emt 0:00:03]} 55. Kc5 {[%emt 0:00:00]} h4 {[%emt 0:00:01]} 56. Kc4 {[%emt 0:00:01]} h3 {[%emt 0:00:01]} 57. Kc5 {[%emt 0:00:00]} h2 {[%emt 0:00:01]} 58. Kb4 {[%emt 0:00:00]} h1=Q {[%emt 0:00:01]} 59. Kc3 {[%emt 0:00:04]} Qc6+ {[%emt 0:00:02]} 60. Kb2 {[%emt 0:00:01]} Qd2+ {[%emt 0:00:02]} 61. Kb3 {[%emt 0:00:04]} Qdc3+ {[%emt 0:00:03]} 62. Ka2 {[%emt 0:00:04]} Qa4+ {[%emt 0:00:27]} 63. Kb1 {[%emt 0:00:03]} Qaa1# {[%emt 0:00:02] (Lag: Av=0.68s, max=6.7s)} 0-1

[Event "Is Bankasi Online Satranc Turn.13-14 Yas"]
[Site "T#645826Mustafa Kemal"]
[Date "2020.05.08"]
[Round "1"]
[White "Batuhanfettah06"]
[Black "Mertkoksal90"]
[Result "1-0"]
[WhiteElo "1533"]
[BlackElo "1620"]
[Annotator "NA RC"]
[PlyCount "97"]
[EventDate "2020.05.08"]
[EventType "swiss (blitz)"]

1. e4 {[%emt 0:00:03]} c5 {[%emt 0:00:01]} 2. Nf3 {[%emt 0:00:02]} Nc6 {[%emt 0:00:01]} 3. Bb5 {[%emt 0:00:03]} e6 {[%emt 0:00:02]} 4. Nc3 {[%emt 0:00:08]} Nge7 {[%emt 0:00:01]} 5. d4 {[%emt 0:00:02]} cxd4 {[%emt 0:00:02]} 6. Nxd4 {[%emt 0:00:00]} g6 {[%emt 0:00:03]} 7. O-O {[%emt 0:00:03]} Bg7 {[%emt 0:00:02]} 8. Nxc6 {[%emt 0:00:36]} Nxc6 {[%emt 0:00:06]} 9. Bd2 {[%emt 0:00:07]} O-O {[%emt 0:00:03]} 10. Qf3 {[%emt 0:00:06]} Nd4 {[%emt 0:00:05]} 11. Qd3 {[%emt 0:00:07]} Nxb5 {[%emt 0:00:07]} 12. Qxb5 {[%emt 0:00:02]} a6 {[%emt 0:00:03]} 13. Qd3 {[%emt 0:00:06]} b5 {[%emt 0:00:04]} 14. a3 {[%emt 0:00:02]} Bb7 {[%emt 0:00:02]} 15. Rfe1 {[%emt 0:00:03]} Qc7 {[%emt 0:00:07]} 16. Rad1 {[%emt 0:00:14]} Bc6 {[%emt 0:00:08]} 17. Bg5 {[%emt 0:00:25]} Qe5 {[%emt 0:00:18]} 18. Be7 {[%emt 0:00:15]} Rfe8 {[%emt 0:00:10]} 19. Bd6 {[%emt 0:00:02]} Qg5 {[%emt 0:00:10]} 20. Bg3 {[%emt 0:00:19]} f5 {[%emt 0:00:41]} 21. exf5 {[%emt 0:00:29]} exf5 {[%emt 0:00:06]} 22. Nd5 {[%emt 0:00:10]} Rxe1+ {[%emt 0:00:14]} 23. Rxe1 {[%emt 0:00:03]} Rf8 {[%emt 0:00:23]} 24. Qb3 {[%emt 0:00:08]} Kh8 {[%emt 0:00:02]} 25. Qd3 {[%emt 0:00:05]} f4 {[%emt 0:00:02]} 26. Nxf4 {[%emt 0:00:03]} Be5 {[%emt 0:00:09]} 27. Nh3 {[%emt 0:00:05]} Qe7 {[%emt 0:00:16]} 28. Bxe5+ {[%emt 0:00:01]} Kg8 {[%emt 0:00:02]} 29. Qb3+ {[%emt 0:00:02]} Rf7 {[%emt 0:00:05]} 30. Qe3 {[%emt 0:00:09]} Qe6 {[%emt 0:00:05]} 31. Bg3 {[%emt 0:00:01]} Qd5 {[%emt 0:00:03]} 32. Qe8+ {[%emt 0:00:02]} Kg7 {[%emt 0:00:01]} 33. Be5+ {[%emt 0:00:01]} Kh6 {[%emt 0:00:03]} 34. Bf4+ {[%emt 0:00:03]} Kh5 {[%emt 0:00:06]} 35. Qe5+ {[%emt 0:00:01]} Qxe5 {[%emt 0:00:04]} 36. Bxe5 {[%emt 0:00:01]} Re7 {[%emt 0:00:02]} 37. Nf4+ {[%emt 0:00:02]} Kh6 {[%emt 0:00:01]} 38. Bc3 {[%emt 0:00:05]} Rf7 {[%emt 0:00:01]} 39. Nd3 {[%emt 0:00:02]} g5 {[%emt 0:00:01]} 40. Bd2 {[%emt 0:00:01]} Kg6 {[%emt 0:00:01]} 41. Ne5+ {[%emt 0:00:01]} Kg7 {[%emt 0:00:01]} 42. Nxf7 {[%emt 0:00:01]} Kxf7 {[%emt 0:00:00]} 43. Bc3 {[%emt 0:00:01]} h6 {[%emt 0:00:01]} 44. Re3 {[%emt 0:00:02]} Kg6 {[%emt 0:00:03]} 45. h3 {[%emt 0:00:01]} Kf5 {[%emt 0:00:01]} 46. Re5+ {[%emt 0:00:02]} Kg6 {[%emt 0:00:04]} 47. Re7 {[%emt 0:00:02]} Kf5 {[%emt 0:00:03]} 48. g4+ {[%emt 0:00:02]} Kg6 {[%emt 0:00:03]} 49. Rg7# {[%emt 0:00:01] (Lag: Av=0.97s, max=5.9s)} 1-0

[Event "Is Bankasi Online Satranc Turn.13-14 Yas"]
[Site "T#645826Mustafa Kemal"]
[Date "2020.05.08"]
[Round "1"]
[White "Alpereneryilma90"]
[Black "Mehmetemrebulg50"]
[Result "0-1"]
[WhiteElo "1467"]
[BlackElo "1620"]
[Annotator "NA RC"]
[PlyCount "126"]
[EventDate "2020.05.08"]
[EventType "swiss (blitz)"]

1. e4 {[%emt 0:00:01]} c5 {[%emt 0:00:01]} 2. Nc3 {[%emt 0:00:02]} e6 {[%emt 0:00:01]} 3. g3 {[%emt 0:00:02]} Nc6 {[%emt 0:00:02]} 4. Bg2 {[%emt 0:00:02]} Nge7 {[%emt 0:00:01]} 5. f4 {[%emt 0:00:04]} g6 {[%emt 0:00:02]} 6. Nf3 {[%emt 0:00:01]} Bg7 {[%emt 0:00:01]} 7. O-O {[%emt 0:00:04]} O-O {[%emt 0:00:01]} 8. h3 {[%emt 0:00:05]} d5 {[%emt 0:00:02]} 9. e5 {[%emt 0:00:02]} b6 {[%emt 0:00:02]} 10. g4 {[%emt 0:00:02]} d4 {[%emt 0:00:02]} 11. Ne2 {[%emt 0:00:03]} c4 {[%emt 0:00:06]} 12. d3 {[%emt 0:00:03]} cxd3 {[%emt 0:00:02]} 13. cxd3 {[%emt 0:00:02]} Bb7 {[%emt 0:00:01]} 14. Ng3 {[%emt 0:00:04]} Nd5 {[%emt 0:00:07]} 15. h4 {[%emt 0:00:12]} f6 {[%emt 0:00:20]} 16. exf6 {[%emt 0:00:07]} Bxf6 {[%emt 0:00:02]} 17. h5 {[%emt 0:00:03]} Bh4 {[%emt 0:00:07]} 18. Nxh4 {[%emt 0:00:14]} Qxh4 {[%emt 0:00:01]} 19. Qf3 {[%emt 0:00:04]} e5 {[%emt 0:00:19]} 20. f5 {[%emt 0:00:09]} Nf6 {[%emt 0:00:38]} 21. g5 {[%emt 0:00:25]} Nxh5 {[%emt 0:00:17]} 22. Nxh5 {[%emt 0:00:05]} Qxh5 {[%emt 0:00:09]} 23. Qxh5 {[%emt 0:00:03]} gxh5 {[%emt 0:00:02]} 24. Bd5+ {[%emt 0:00:06]} Kh8 {[%emt 0:00:03]} 25. Bd2 {[%emt 0:00:07]} Nd8 {[%emt 0:00:03]} 26. Bxb7 {[%emt 0:00:06]} Nxb7 {[%emt 0:00:00]} 27. Rac1 {[%emt 0:00:03]} Nd6 {[%emt 0:00:02]} 28. f6 {[%emt 0:00:15]} Rf7 {[%emt 0:00:03]} 29. Rc6 {[%emt 0:00:05]} Nb5 {[%emt 0:00:14]} 30. a3 {[%emt 0:00:05]} Rc7 {[%emt 0:00:11]} 31. Rfc1 {[%emt 0:00:08]} Rac8 {[%emt 0:00:06]} 32. Rxc7 {[%emt 0:00:05]} Rxc7 {[%emt 0:00:01]} 33. Rxc7 {[%emt 0:00:03]} Nxc7 {[%emt 0:00:01]} 34. Bb4 {[%emt 0:00:06]} Ne6 {[%emt 0:00:03]} 35. Bd2 {[%emt 0:00:07]} Kg8 {[%emt 0:00:02]} 36. Kg2 {[%emt 0:00:03]} Kf7 {[%emt 0:00:02]} 37. Kf3 {[%emt 0:00:02]} Kg6 {[%emt 0:00:02]} 38. Ke4 {[%emt 0:00:04]} h4 {[%emt 0:00:06]} 39. Kf3 {[%emt 0:00:03]} a6 {[%emt 0:00:09]} 40. Kg4 {[%emt 0:00:05]} b5 {[%emt 0:00:06]} 41. Kxh4 {[%emt 0:00:04]} Nd8 {[%emt 0:00:08]} 42. Ba5 {[%emt 0:00:10]} Nc6 {[%emt 0:00:05]} 43. Bd2 {[%emt 0:00:02]} a5 {[%emt 0:00:05]} 44. b4 {[%emt 0:00:07]} a4 {[%emt 0:00:03]} 45. Bc1 {[%emt 0:00:05]} Nd8 {[%emt 0:00:02]} 46. Bd2 {[%emt 0:00:03]} Nf7 {[%emt 0:00:01]} 47. Kg4 {[%emt 0:00:03]} Nd6 {[%emt 0:00:01]} 48. Kf3 {[%emt 0:00:06]} Nf7 {[%emt 0:00:04]} 49. Kg4 {[%emt 0:00:02]} Nd6 {[%emt 0:00:02]} 50. Kf3 {[%emt 0:00:03]} Nf7 {[%emt 0:00:07]} 51. Ke4 {[%emt 0:00:07]} Kh5 {[%emt 0:00:09]} 52. Kf5 {[%emt 0:00:06]} Kh4 {[%emt 0:00:06]} 53. Be1+ {[%emt 0:00:04]} Kh3 {[%emt 0:00:02]} 54. Ke6 {[%emt 0:00:10]} Nxg5+ {[%emt 0:00:01]} 55. Ke7 {[%emt 0:00:02]} Kg2 {[%emt 0:00:01]} 56. f7 {[%emt 0:00:01]} Nxf7 {[%emt 0:00:01]} 57. Kxf7 {[%emt 0:00:01]} h5 {[%emt 0:00:00]} 58. Bh4 {[%emt 0:00:01]} Kf3 {[%emt 0:00:02]} 59. Kf6 {[%emt 0:00:01]} e4 {[%emt 0:00:00]} 60. dxe4 {[%emt 0:00:02]} Kxe4 {[%emt 0:00:00]} 61. Kg5 {[%emt 0:00:01]} d3 {[%emt 0:00:01]} 62. Bf2 {[%emt 0:00:01]} d2 {[%emt 0:00:01]} 63. Be1 {[%emt 0:00:00]} dxe1=Q {[%emt 0:00:01] Alpereneryilma90 terk eder (Lag: Av=0.45s, max=0.7s)} 0-1

[Event "Is Bankasi Online Satranc Turn.13-14 Yas"]
[Site "T#645826Mustafa Kemal"]
[Date "2020.05.08"]
[Round "1"]
[White "BaranPekdemir56"]
[Black "Mehmetutkantop42"]
[Result "0-1"]
[WhiteElo "1341"]
[BlackElo "1620"]
[Annotator "NA RC"]
[PlyCount "118"]
[EventDate "2020.05.08"]
[EventType "swiss (blitz)"]

1. e4 {[%emt 0:00:03]} c5 {[%emt 0:00:03]} 2. Nf3 {[%emt 0:00:02]} Nc6 {[%emt 0:00:03]} 3. Bc4 {[%emt 0:00:03]} e6 {[%emt 0:00:03]} 4. Nc3 {[%emt 0:00:15]} Nf6 {[%emt 0:00:02]} 5. e5 {[%emt 0:00:04]} Ng4 {[%emt 0:00:23]} 6. Qe2 {[%emt 0:00:11]} Qc7 {[%emt 0:00:02]} 7. Nb5 {[%emt 0:00:17]} Qb8 {[%emt 0:00:03]} 8. Nd6+ {[%emt 0:00:08]} Bxd6 {[%emt 0:00:02]} 9. exd6 {[%emt 0:00:01]} Qxd6 {[%emt 0:00:01]} 10. h3 {[%emt 0:00:04]} Nge5 {[%emt 0:00:05]} 11. Nxe5 {[%emt 0:00:03]} Qxe5 {[%emt 0:00:00]} 12. Qxe5 {[%emt 0:00:05]} Nxe5 {[%emt 0:00:00]} 13. b3 {[%emt 0:00:07]} Nxc4 {[%emt 0:00:02]} 14. bxc4 {[%emt 0:00:01]} Kf8 {[%emt 0:00:01]} 15. Bb2 {[%emt 0:00:01]} f6 {[%emt 0:00:01]} 16. O-O-O {[%emt 0:00:03]} Kf7 {[%emt 0:00:02]} 17. Rde1 {[%emt 0:00:01]} b6 {[%emt 0:00:02]} 18. f4 {[%emt 0:00:02]} Bb7 {[%emt 0:00:02]} 19. Rhg1 {[%emt 0:00:02]} Rae8 {[%emt 0:00:08]} 20. g4 {[%emt 0:00:02]} d5 {[%emt 0:00:07]} 21. cxd5 {[%emt 0:00:02]} exd5 {[%emt 0:00:01]} 22. Rxe8 {[%emt 0:00:03]} Rxe8 {[%emt 0:00:00]} 23. d3 {[%emt 0:00:03]} d4 {[%emt 0:00:19]} 24. f5 {[%emt 0:00:04]} Re3 {[%emt 0:00:02]} 25. h4 {[%emt 0:00:09]} Rh3 {[%emt 0:00:03]} 26. h5 {[%emt 0:00:04]} Rh1 {[%emt 0:00:02]} 27. Rxh1 {[%emt 0:00:02]} Bxh1 {[%emt 0:00:01]} 28. Kd2 {[%emt 0:00:01]} Bf3 {[%emt 0:00:02]} 29. c3 {[%emt 0:00:04]} dxc3+ {[%emt 0:00:02]} 30. Bxc3 {[%emt 0:00:01]} Bxg4 {[%emt 0:00:03]} 31. d4 {[%emt 0:00:01]} cxd4 {[%emt 0:00:02]} 32. Bxd4 {[%emt 0:00:01]} Bxf5 {[%emt 0:00:02]} 33. Be3 {[%emt 0:00:01]} g5 {[%emt 0:00:06]} 34. Bf2 {[%emt 0:00:06]} h6 {[%emt 0:00:05]} 35. Bg3 {[%emt 0:00:02]} a6 {[%emt 0:00:02]} 36. Bc7 {[%emt 0:00:03]} b5 {[%emt 0:00:01]} 37. Ke3 {[%emt 0:00:02]} Bg4 {[%emt 0:00:02]} 38. a3 {[%emt 0:00:04]} Bxh5 {[%emt 0:00:01]} 39. Kd4 {[%emt 0:00:01]} Be2 {[%emt 0:00:02]} 40. Kc5 {[%emt 0:00:02]} Bc4 {[%emt 0:00:02]} 41. Kd4 {[%emt 0:00:03]} h5 {[%emt 0:00:03]} 42. Ke4 {[%emt 0:00:02]} Kg6 {[%emt 0:00:02]} 43. Kf3 {[%emt 0:00:01]} f5 {[%emt 0:00:01]} 44. Bh2 {[%emt 0:00:03]} h4 {[%emt 0:00:03]} 45. Bg1 {[%emt 0:00:02]} g4+ {[%emt 0:00:01]} 46. Kg2 {[%emt 0:00:01]} Kg5 {[%emt 0:00:01]} 47. Bd4 {[%emt 0:00:02]} f4 {[%emt 0:00:02]} 48. Bc5 {[%emt 0:00:01]} h3+ {[%emt 0:00:05]} 49. Kh2 {[%emt 0:00:01]} f3 {[%emt 0:00:08]} 50. Be3+ {[%emt 0:00:02]} Kf5 {[%emt 0:00:01]} 51. Kg3 {[%emt 0:00:01]} Ke4 {[%emt 0:00:04]} 52. Bf4 {[%emt 0:00:05]} Be6 {[%emt 0:00:04]} 53. Bd2 {[%emt 0:00:04]} Kd3 {[%emt 0:00:02]} 54. Be1 {[%emt 0:00:02]} Ke2 {[%emt 0:00:01]} 55. Bf2 {[%emt 0:00:02]} h2 {[%emt 0:00:11]} 56. Kxh2 {[%emt 0:00:05]} Kxf2 {[%emt 0:00:01]} 57. Kh1 {[%emt 0:00:01]} g3 {[%emt 0:00:03]} 58. a4 {[%emt 0:00:06]} g2+ {[%emt 0:00:02]} 59. Kh2 {[%emt 0:00:02]} g1=Q# {[%emt 0:00:01] (Lag: Av=0.70s, max=3.9s)} 0-1